Využitie biomasy pri vykurovaní budov vo verejnej správe v obci Bôrka štúdia uskutočniteľnosti

Uložené v:
Podrobná bibliografia
Hlavný autor: Demjanová, Lucia, 1981-
Korporativný autor: Ekonomická univerzita v Bratislave. Podnikovohospodárska fakulta so sídlom v Košiciach
Ďalší autori: Andrejovský, Pavol, 1975-, Ručinský, Rastislav, Gajdoš, Jozef, 1962-2025, Gonos, J.
Médium: Kniha
Jazyk:Slovak
Vydavateľské údaje: [Košice] 2012
Predmet:
Tagy: Pridať tag
Žiadne tagy, Buďte prvý, kto otaguje tento záznam!

MARC

LEADER 00000nam a2200000 4500
001 0161313
005 20240502072811.4
041 0 |a slo 
044 |a SK 
245 1 0 |a Využitie biomasy pri vykurovaní budov vo verejnej správe v obci Bôrka  |b štúdia uskutočniteľnosti  |c Lucia Demjanová ... [et al.] 
264 1 |a [Košice]  |c 2012 
300 |a 43 s. 
610 2 0 |a správa verejná 
610 2 0 |a biomasa 
610 2 0 |a analýza finančná 
610 2 0 |a zdroje finančné 
100 1 |a Demjanová, Lucia, 1981- 
700 1 |a Andrejovský, Pavol, 1975- 
700 1 |a Ručinský, Rastislav 
700 1 |a Gajdoš, Jozef, 1962-2025 
700 1 |a Gonos, J. 
710 2 |a Ekonomická univerzita v Bratislave. Podnikovohospodárska fakulta so sídlom v Košiciach